Separácie enentiomérov niektorých liečiv metódou vysokoúčinnej kvapalinovej chromatografie

Salvato in:
Dettagli Bibliografici
Autore principale: Bruncková, Ľubomíra
Natura: Libro
Lingua:slovacco
Pubblicazione: Bratislava STU FCHPT 2011
Accesso online:Visualizza in OPAC
Tags: Aggiungi Tag
Nessun Tag, puoi essere il primo ad aggiungerne!!

MARC

LEADER 00000nam a2200000 a 4500
005 20260127133936.0
008 110905 2011 xo 000 0 slo d
035 |a vtls010308416 
039 9 |a 201109050942  |b mschk03  |y 201109050925  |z mschk03 
040 |a STUSCHK1  |b slo  |c STUSCHK1  |e AACR2 
100 1 |a Bruncková, Ľubomíra 
245 1 |a Separácie enentiomérov niektorých liečiv metódou vysokoúčinnej kvapalinovej chromatografie  |c Ľubomíra Bruncková 
260 |a Bratislava  |b STU FCHPT  |c 2011 
300 |a 34 s.  |b il.  |c 30 cm 
500 |a Obháj.: 18.8. 2010 
500 |a Študijný program: chémia a medicínska chémia 
500 |a Študijný odbor: 4.1.14 chémia 
500 |a Bakalárska práca 
500 |a FCHPT, Oddelenie analytickej chémie 
500 |a Evidenčné číslo: 5428-27601 
910 |a SCHK95 
999 |c 549  |d 549